| 000 | 00353 a2200133 4500 | ||
|---|---|---|---|
| 082 | _a297.09048 | ||
| 090 |
_c6091 _d6091 |
||
| 100 | _aAzam,Ikram. | ||
| 245 |
_aA 21st Century Transformation! _cDr.Ikram Azam. |
||
| 260 |
_aIslamabad. _bThe PFI and Margalla Voices. _c2006. |
||
| 300 | _a390p. | ||
| 500 | _aHardcover. | ||
| 942 |
_aNBS _cBK _k297.09048 IKR |
||
| 999 |
_c348475 _d348475 |
||